000 00696nam a22001577a 4500
999 _c59571
_d59571
005 20230317113440.0
008 230317c2018 ge ||||| |||| 00| 0 geo d
022 _a15120481
041 _ageo
245 _aსაქართველოს უზენაესი სასამართლოს გადაწყვეტილებანი სამოქალაქო საქმეებზე :
_b[ყოველთვიური]. სამოქალაქო პროცესი.
260 _aთბილისი,
_c2018.
300 _av.
653 _a სამოქალაქო პროცესი
653 _aპერიოდიკა
942 _2udc
_cCR